000 00683nam a2200169 i 4500
001 47164
003 ES-MaACL
005 20230906161520.0
007 t|
008 030404q19301939sp ||||1| spa d
245 0 0 _aConsueta o director de la gran función lírico-dramática que anualmente viene celebrandose en Santa María... con algunas curiosas noticias
_b: publicación particular de la Consueta de 1625 /
_cpor el cronista de la ciudad Pedro Ibarra Ruiz.
260 _aElche :
_b[s.n.,
_c193-?] (
_fTip. Agulló)
300 _a91 p. ;
_c21 cm.
500 _aPrecede al tít.: Fiesta de agosto en Elche.
700 1 _aIbarra Ruiz, Pedro.
_964963
852 _aES-MaACL
_j1782-F-2
999 _c47164
_d47164